Are you Fit for Life? (Record no. 347350)
[ view plain ]
| 000 -LEADER | |
|---|---|
| fixed length control field | 00284nam a2200109Ia 4500 |
| 008 - FIXED-LENGTH DATA ELEMENTS--GENERAL INFORMATION | |
| fixed length control field | 171205s9999 xx 000 0 und d |
| 020 ## - INTERNATIONAL STANDARD BOOK NUMBER | |
| International Standard Book Number | 9789718342442 |
| 100 ## - MAIN ENTRY--PERSONAL NAME | |
| Personal name | Graham, Jack. |
| 245 ## - TITLE STATEMENT | |
| Statement of responsibility, etc | Jack Graham |
| Title | Are you Fit for Life? |
| 260 ## - PUBLICATION, DISTRIBUTION, ETC. (IMPRINT) | |
| Name of publisher, distributor, etc | Crossway Books |
| Date of publication, distribution, etc | 2007 |
| 300 ## - PHYSICAL DESCRIPTION | |
| Extent | 170 pages |
| Withdrawn status | Lost status | Damaged status | Home library | Current library | Shelving location | Date acquired | Source of acquisition | Total Checkouts | Full call number | Barcode | Date last seen | Price effective from | Koha item type |
|---|---|---|---|---|---|---|---|---|---|---|---|---|---|
| College Library | College Library | General Circulation Section | 12/05/2017 | Library Fund | BV 4501.3 .G738 2007 | c21098 | 05/15/2018 | 12/05/2017 | Books |